000
00373nam a2200157Ia 4500
008
240830s1900 xx 000 0 und d
041
_a
san
082
_a
1
100
_a
APATE
245
_a
RAJNIGUNTUSHIT-DHANWANTRI NIGUNTU
250
_a
1
260
_a
SANGAI
_b
N.D.
_c
1900
300
_a
100p
906
_a
RAJNIGUNTUSHIT-DHANWANTRI NIGUNTU
999
_c
1183934
_d
1183934